Where Is the Love? Black Eyed Peas (All Lyrics) - Statistics

General Stats
  • This quiz has been taken 370 times
  • The average score is 277 of 500
Answer Stats
Answer % Correct
I
99%
the
99%
The
99%
love
98%
love,
98%
love?
98%
A
97%
is
97%
Where
97%
what
91%
yo'
91%
you
91%
People
87%
people
87%
In
86%
in
86%
me,
86%
me
86%
and
82%
And
82%
us
82%
we
82%
We
82%
got
81%
no
80%
on
79%
on?
79%
to
79%
world,
79%
world
79%
world)
79%
wo-wo-world,
79%
die
78%
hear
78%
so
77%
So
77%
they
76%
cryin'
75%
from
75%
with
75%
With
75%
dyin'
74%
Then
71%
then
71%
Can
70%
like
70%
some
70%
them
70%
thy
70%
when
70%
Father,
69%
other
69%
other,
69%
your
69%
wrong
68%
Wrong
68%
Children
67%
hurt,
67%
help
66%
it
66%
It
66%
preach
66%
What's
66%
above
65%
killin',
65%
practice
65%
that
65%
cheek?
64%
turn
64%
ain't
63%
mama?
63%
questionin'
63%
livin'
61%
of
61%
if
60%
If
60%
But
59%
but
59%
for
59%
have
59%
(one
59%
one
59%
Only
59%
only
59%
as
57%
As
57%
guidance
57%
hate
54%
hate,
54%
'Cause
53%
drama
53%
Why
53%
why
53%
don't
52%
get
52%
would
52%
all
50%
KKK
50%
my
50%
are
49%
think
49%
here
48%
know
48%
see
48%
this
48%
CIA
47%
feel
47%
Send
47%
yeah,
47%
yeah
47%
(yeah)
47%
just
45%
it's
44%
that's
44%
That's
44%
big
43%
how
43%
there
43%
goin'
42%
I'm
42%
Or
42%
USA,
42%
Blood
41%
still
41%
whole
41%
Not
39%
own
39%
stop
39%
terrorism
39%
you're
39%
ask
38%
discriminate
38%
mamas
38%
Man,
38%
addicted
36%
Crips
36%
under
36%
we're
36%
could
35%
generates
35%
race
35%
Where's
35%
by
34%
old
34%
same,
34%
things
34%
world's
34%
come
33%
gotta
33%
Gotta
33%
keep
33%
peace
33%
space
33%
terrorists
33%
bring
32%
down
32%
leave
32%
never
32%
y'all,
32%
y'all?
32%
y'all
32%
Let
31%
Now
31%
reason
31%
Take
31%
trauma
31%
war
31%
truth
30%
truth,
30%
yourself,
30%
yourself
30%
demonstrate
29%
feelin'
29%
mind
29%
shoulder
29%
always
28%
little
28%
young
28%
ones
27%
Sing
27%
about
26%
attracted
26%
bound
26%
irate,
26%
Overseas,
26%
bombs
25%
gone?
25%
gravitate
25%
Makin'
25%
makin'
25%
money
25%
soul
25%
straight
25%
tryna
25%
weight
25%
care
24%
exactly
24%
givin'
24%
media
24%
sometimes
24%
strong
24%
than
24%
that'll
24%
act
23%
brother
23%
lovin'
23%
Madness
23%
meditate
23%
myself
23%
operates
23%
really
23%
set
23%
Chemical
22%
each
22%
New
22%
older,
22%
works
22%
fillin'
21%
gasses
21%
happened
21%
lungs
21%
anger
20%
belong?
20%
gettin'
20%
humanity?
20%
There's
20%
wanna
20%
changed
19%
cinema,
19%
control
19%
kept
19%
Nations
19%
rug
19%
something's
19%
Something's
19%
Whatever
19%
criteria
18%
decisions,
18%
direction
18%
droppin'
18%
Kids
18%
reason's
18%
secret,
18%
swept
18%
bacteria
17%
days
17%
Most
17%
undercover
17%
ways
17%
away
16%
main
16%
sufferin'
16%
wonder
16%
deny
15%
faith
15%
found
15%
insane?
15%
respectin'
15%
shown
15%
values
15%
youth
15%
colder
14%
equality?
14%
images
14%
information
14%
Negative
14%
ongoin'
14%
visions
14%
Infecting
13%
minds
13%
pieces
13%
fairness
12%
faster
12%
followin'
12%
gets
12%
Instead
12%
Selfishness
12%
strange,
12%
animosity
11%
spreading
11%
unity
11%
Lack
10%
leading
10%
'til
10%
alive
9%
understanding,
9%
dividends
7%
No matching quizzes found
Score Distribution
Percent of People with Each Score
Percentile by Number Answered
Your Score History
You have not taken this quiz